00908 2200301 4500001002100000005001500021035002000036007000300056008004100059020001800100082001000118084001400128084001600142100003400158245008800192250001200280300003900292650004300331650002200374650003600396650002200432264005200454336002100506337003000527338002300557990001300580990001300593INLIS00000000112185320251217043400 a0010-1225000033ta251217 0 ind  a9786231535696 a371.9 aCAUD 0106 aD CAUD 01060 aYuliati SiantajaniePengarang1 aPenanganan Anak Berkebutuhan Khusus :b1-8 / CAUD0106 / 3 SKS /cYuliati Siantajani aEdisi 3 a250 halaman :billustrasi ;c27 cm 4aPendidikan Anak - Berkebutuhan Khusus 4aPendidikan Khusus 4aChild Education - Special Needs 4aSpecial Education aTangerang Selatan :bUniversitas Terbuka,c2025 2rdacontentaTeks 2rdamediaaTanpa Perantara 2rdacarrieraVolume a25/90105 a25/30105